000 00940nam a2200277Ia 4500
001 Para_2732
003 CHAP
008 220125s9999 xx 000 0 und d
010 _a201326
040 _cCHAP
082 _aPA-C 595.77 D5
100 _aFelt, Ephraim Porter
_940021
245 _aA new cecidomyiid parasite of the white fly /
_c by Ephraim Porter Felt
260 _a:
_b
300 _a2 p.
440 _aDiptera; 1
_9166205
500 _aSobretiro de Proceedings U.S. National Huseum 61 (2444): 1-2, Encuadernado con: Key to gall midges (A resume of studies I-VII, itonididae) / by Ephraim Porter Felt 70-218
650 _aDipteros
_x Colecciones de escritos Aleurodes citri.
_9166230
901 _aPA-C 595.77 D5
902 _aA
905 _a000000 0000000000 00
910 _a
942 _cPARA
942 _cPARA
_d1
999 _c201326
_d201326